Les 5 partis majoritaires par pays aux Européennes 2024 - Statistiques

Statistiques générales
  • Ce quiz a été pris 55 fois
  • Le résultat moyen est 16 sur 130
Statistiques - réponses
Résultat Nom du parti % Correct
31,4% (30 sièges) Rassemblement National
96%
9,9% (9 sièges) La France Insoumise
86%
32,1% (8 sièges) Parti socialiste
84%
7,3% (6 sièges) Les Républicains
82%
12,8% (3 sièges) Parti socialiste - Mouvement du changement
82%
13,8% (13 sièges) Parti socialiste - Place publique
82%
14,4% (3 sièges) | 14,6% (13 sièges) Renaissance
69%
28,8% (24 sièges) Fratelli d’Italia
37%
11,8% (1 siège) | 11,9% (12 sièges) Les Verts
35%
34,2% (22 sièges) Parti populaire
35%
9,6% (8 sièges) Forza Italia
31%
27,8% (6 sièges) Slovaquie progressiste
29%
9,6% (6 sièges) Vox
27%
14,9% (2 sièges) | 15,6% (3 sièges) Parti social-démocrate
24%
13,9% (14%) Parti social-démocrate d’Allemagne
24%
9,0% (8 sièges) La Ligue
22%
22,3% (6 sièges) Ensemble
20%
24,1% (21 sièges) Parti démocrate
20%
14,7% (2 sièges) Parti libéral
20%
30,2% (20 sièges) Parti socialiste ouvrier espagnol
20%
48,6% (19 sièges) Alliance Parti social-démocrate - Parti national libéral
18%
15,9% (15 sièges) Alternative pour l’Allemagne
18%
45,3% (3 sièges) Parti travailliste
18%
24,8% (5 sièges) Sociaux-démocrates
18%
44,8% (11 sièges) Fidesz
16%
18,3% (1 siège) | 9,7% (1 siège) Parti démocratique
16%
19,3% (2 sièges) Parti social-démocrate
16%
21,6% (8 sièges) VertGauche - Parti du travail
16%
10,0% (8 sièges) Mouvement 5 étoiles
14%
12,6% (3 sièges) Mouvement réformateur
14%
25,4% (6 sièges) Parti de la liberté d’Autriche
14%
30,0% (29 sièges) Union chrétienne-démocrate
14%
36,2% (20 sièges) Droit et justice
12%
6,3% (3 sièges) Gauche
12%
10,3% (2 sièges) Serment et automobilistes
12%
42,0% (3 sièges) Parti nationaliste
10%
4,7% (3 sièges) Sumar
10%
6,0% (1 siège) Union démocratique
10%
31,1% (7 sièges) Alliance démocratique
8%
9,8% (2 sièges) Chega
8%
28,3% (7 sièges) Nouvelle démocratie
8%
7,2% (2 sièges) Parti socialiste bulgare
8%
6,2% (6 sièges) Alliance Sahra Wagenknecht - Pour la raison et la justice
6%
13,2% (3 sièges) Démocrates de Suède
6%
11,3% (2 sièges) Ligue verte
6%
25,1% (2 sièges) Nouvelle Unité
6%
8,8% (1 siège) Parti du peuple conservateur
6%
17,4% (3 sièges) Parti du peuple socialiste
6%
24,5% (5 sièges) Parti populaire autrichien
6%
14,9% (1 siège) Parti populaire conservateur
6%
17,7% (6 sièges) Parti pour la liberté
6%
11,1% (2 sièges) Sinn Fein
6%
7,7% (1 siège) Sociaux-démocrates
6%
14,9% (6 sièges) Alliance pour l’unité des Roumains
4%
9,7% (3 sièges) Appel chrétien-démocrate
4%
37,1% (21 sièges) Coalition civique
4%
20,4% (4 sièges) Fianna Fail
4%
20,8% (4 sièges) Fine Gael
4%
19,4% (1 siège) Indépendant
4%
9,1% (2 sièges) Initiative libérale
4%
7,5% (1 siège) Les Progressistes
4%
8,7% (2 sièges) Maires et Indépendants
4%
6,7% (1 siège) Ma patrie
4%
17,6% (4 sièges) Modérés
4%
7,1% (1 siège) Mouvement démocrate-chrétien
4%
8,8% (1 siège) Mouvement patriotique
4%
7,7% (1 siège) Nouvelle Slovénie
4%
9,3% (2 sièges) Parti communiste grec
4%
11,0% (2 sièges) Parti de gauche
4%
8,1% (1 siège) Parti de la liberté
4%
13,8% (3 sièges) Parti des verts
4%
11,8% (2 sièges) | 12,4% (1 siège) Parti du centre
4%
21,7% (1 siège) Parti ouvrier socialiste luxembourgeois
4%
22,9% (2 sièges) Parti populaire chrétien-social
4%
11,6% (4 sièges) Parti populaire pour la liberté et la démocratie
4%
21,5% (1 siège) Parti réformateur des travailleurs
4%
11,8% (1 siège) Parti réformiste d’alternative démocratique
4%
23,2% (5 sièges) Parti social-démocrate d’Autriche
4%
24,8% (2 sièges) Rassemblement démocrate
4%
12,5% (2 sièges) République
4%
6,9% (3 sièges) Troisième Voie
4%
34,6% (6 sièges) Union démocratique croate
4%
26,1% (7 sièges) Action des citoyens mécontents
2%
17,3% (3 sièges) Alliance de gauche
2%
8,7% (9 sièges) Alliance de la droite unie
2%
22,1% (2 sièges) Alliance nationale pour la partie et la liberté
2%
14,0% (3 sièges) Alliance néo-flamande
2%
9,6% (2 sièges) Assez !
2%
4,3% (1 siège) Bloc de gauche
2%
8,3% (2 sièges) Chrétiens-démocrates et flamands
2%
24,3% (5 sièges) Citoyens pour le développement européen de la Bulgarie
2%
14,9% (4 sièges) Coalition de la gauche radicale
2%
24,8% (4 sièges) Coalition nationale
2%
12,1% (6 sièges) Confédération Liberté et indépendance
2%
14,9% (3 sièges) Continuons le changement - Bulgarie démocratique
2%
8,0% (2 sièges) En avant
2%
11,2% (1 siège) Front national populaire
2%
7,2% (1 siège) Hlas-SD
2%
6,2% (1 siège) Independent Ireland
2%
14,0% (2 sièges) Inépendants
2%
14,5% (3 sièges) Intérêt flamand
2%
9,4% (1 siège) La Lettonie pour le développement
2%
10,1% (2 sièges) La Nouvelle Autriche - Forum libéral
2%
7,4% (1 siège) Les Démocrates du Danemark
2%
11,1% (2 sièges) Les Verts - Alternative verte
2%
8,2% (1 siège) Liste commune
2%
4,9% (3 sièges) Maintenant les républiques
2%
22,2% (2 sièges) Mouvement Liberté
2%
15,1% (3 sièges) Mouvement pour les droits et les libertés
2%
5,9% (1 siège) Nous pouvons !
2%
17,9% (1 siège) Parti de la réforme
2%
30,6% (4 sièges) Parti démocratique slovène
2%
8,1% (3 sièges) Parti des réformateurs
2%
29,6% (7 sièges) Parti Respect et liberté
2%
26,0% (4 sièges) Parti social-démocrate de Croatie
2%
18,0% (2 sièges) Parti social-démocrate de Lituanie
2%
8,0% (2 sièges) Parti socialiste hongrois
2%
21,5% (2 sièges) Patrie
2%
24,8% (5 sièges) Smer-SD
2%
9,3% (2 sièges) Solution grecque
2%
5,0% (2 sièges) SOS Roumanie
2%
6,5% (2 sièges) Union démocratique des Hongrois de Roumanie
2%
9,1% (1 siège) Union des paysans et des Verts lituaniens
2%
21,3% (3 sièges) Union pour la patrie
2%
10,5% (1 siège) Vesna - Liste verte
2%
Aucun quiz correspondant
Distribution des résultats
% des personnes avec chaque résultat
Percentile par nombre de réponses
Votre historique - résultats
Vous n’avez pas pris ce quiz